Регионална библиотека "Любен Каравелов" - Русе

Concerto grosso (Запис номер 313447)

MARC детайли
000 -Лидер
Контролно поле с фиксирана дължина 01232ncm a2200337 c 4500
003 - Код на организацията, давaща контролен номер
Контролно поле BLK
005 - Дата и час на последна редакция
Контролно поле 20250215161922.0
008 - Елементи от данни с фиксирана дължина
fixed length control field 180414b bul |a|er|||| |0| c|bulo|
010 ## - Наследен системен номер
LC control number NOT00002870000
040 ## - Източник на каталожния запис
Идентификатор на билиотеката - собственик на записа BLK
041 ## - Код за език
Код за езика на текст/звукозапис или на отделно заглавие Немски
Код за езика КДБФ Немски
080 ## - УДК
Текстов определител УДК Оркестър от струнни инструменти
УДК код - определител по УДК 785.1:787
УДК определител
УДК - код + определител 785.1:787
080 ## - УДК
Текстов определител УДК Цигулка, виолина, виола д'аморе
УДК код - определител по УДК 787.1
УДК определител
УДК - код + определител 787.1
080 ## - УДК
Текстов определител УДК За виолончело
УДК код - определител по УДК 787.3
УДК определител
УДК - код + определител 787.3
100 1# - Редна дума - Автор
Автор Вивалди, Антонио
Авторска отговорност първи автор
R(LIN) 47870
139 ## - Редно поле
Редна дума Vivaldi, Antonio
Авторски знак Ви - В 55
245 10 - Сведения за заглавието
Заглавие Concerto grosso
Подзаглавни данни Fur zwei Violinen und Violoncell soli mit Streichorchester d-moll
Редно поле (дума) * Antonio Vivaldi; Антонио Вивалди.
Версия Op.3 Nr.11
254 ## - Сведения за формата на нотното издание
Формат на описваните ноти Партитура
257 ## - Страна на издаване
Страна на създаване/издаване Германия
260 ## - Област на издателските данни
-- Leipzig
Име на издателя, разпространителя и проч. Eulenburg 4322
Година на издаване S. a.
300 ## - Физическа характеристика
Страници 26 с.
Размери/Мащаб 19 см
380 ## - Жанр
Жанр Изкуство
650 #0 - Допълнително описание по предмет – тема
Основно описание – тема или топоним Оркестри, струнни инструменти
9 (RLIN) 353168
700 1# - Други автори (авторска отговорност)
Лично име Vivaldi, Antonio
Автороска отговорност (Описва отношението между автора и произведението) *
9 (RLIN) 27390
852 ## - Местоположение
Форматна сигнатура Цб М 1970
Част 0
856 4# - Електронен адрес и достъп
Електронен формат pdf - файл
Път до файла /url/
856 4# - Електронен адрес и достъп
Електронен формат pdf - файл
Път до файла /url/
942 ## - АРТИКУЛИ
Вид на библиотечния материал Нотни издания
Скрит в OPAC Не
944 ## - СЪЗДАВАНЕ И РЕДАКЦИЯ на ЗАПИСА
Създаване/Редакция Създаване
Дата на регистрацията/редакция 09.07.2008
Служител, извършил регистрацията/редакцията 30560
Статус, дата на статуса Геновева Генчева
944 ## - СЪЗДАВАНЕ И РЕДАКЦИЯ на ЗАПИСА
Създаване/Редакция Редакция
Дата на регистрацията/редакция 10.11.2008
Служител, извършил регистрацията/редакцията
999 ## - СИСТЕМНИ КОНТРОЛНИ НОМЕРА
Koha biblionumber 313447
Koha biblioitemnumber 313447
Наличности
Код за отписване Код за изгубен артикул Източник на класификационната схема Код за повреда Коз за рестрикции Код за отдаване Артикулен № Име на библиотеката - собственик Име на библиотеката, в която се намира в момента Статус (Текущо местоположение) Дата на вписване в системата Местоположение - отдел Цена в лева Инвентарен номер Систематично азбучна сигнатура Баркод Номер на екземпляра Цена в евро Служебна бележка Служебен тип на артикула
  Не е изгубен Universal Decimal Classification Не е повреден само за читалня ползва се в читалня 666125 Регионална библиотека "Любен Каравелов" Русе Регионална библиотека "Любен Каравелов" Русе Хранилище 2008-07-09 Основен фонд - ползва се само за читалня 2.50 170000003823 Цб М 1970 170000003823 1 1.28 Дост: DA Вид: А N: 11 Дата: 04.07.2008 Нотни издания
Vip Innovations Ltd, Rousse, Bulgaria 2025